00686nam a2200193 i 450000100060000000300090000600500170001500700030003200800410003510000290007624500920010525000150019726000340021230000360024670000390028285200320032199900170035395201220037057249ES-MaACL20230906163536.0t|031015s1967 sp ||||1| spa d1 aDixon, Richard N.94490710aEspectroscopia y estructura / cRichard N. Dixon ; versión José Manuel Orza Segade. a[1ª ed.]. aMadrid : bAlhambra, c[1967] aVIII, 259 p. : bil. ; c20 cm.1 aOrza Segade, José Manuel.987711 aES-MaACLjC-31622 bR.61616 c57249d57249 00104070aATENEOMbATENEOMcDEPO2d2008-01-17eSCl0oC-31622p1060108r2023-02-23 00:00:00w2023-02-23yMONOGRAFIA